Регионална библиотека "Любен Каравелов" - Русе

Електрически уредби на автомобилите, тракторите и карите (Запис номер 59909)

MARC детайли
000 -Лидер
Контролно поле с фиксирана дължина 01713nam a2200397 c 4500
003 - Код на организацията, давaща контролен номер
Контролно поле BLK
005 - Дата и час на последна редакция
Контролно поле 20230426134632.0
008 - Елементи от данни с фиксирана дължина
fixed length control field 180408b bul|||||r ||||||| ||bul||
010 ## - Наследен системен номер
LC control number KNG00064036000
040 ## - Източник на каталожния запис
Идентификатор на билиотеката - собственик на записа BLK
041 ## - Код за език
Код за езика на текст/звукозапис или на отделно заглавие Български
Код за езика КДБФ Български
080 ## - УДК
Текстов определител УДК Автомобили. Автомобилостроене
УДК код - определител по УДК 629.113
УДК определител (075.8)
УДК - код + определител 629.113(075.8)
080 ## - УДК
Текстов определител УДК Трактори. Влекачи
УДК код - определител по УДК 629.114.2
УДК определител (075.8)
УДК - код + определител 629.114.2(075.8)
080 ## - УДК
Текстов определител УДК Електрокари. Вж и 621.335.5
УДК код - определител по УДК 629.113.65
УДК определител (075.8)
УДК - код + определител 629.113.65(075.8)
100 1# - Редна дума - Автор
Автор Илиев, Любен Атанасов
Авторска отговорност първи автор
R(LIN) 281624
139 ## - Редно поле
Редна дума Илиев, Любен Атанасов
Авторски знак Илие - И 52
245 10 - Сведения за заглавието
Заглавие Електрически уредби на автомобилите, тракторите и карите
Подзаглавни данни Учебник за студентите от ВТУ А. Кънчев - Русе
Редно поле (дума) Любен Атанасов Илиев.
257 ## - Страна на издаване
Страна на създаване/издаване България
260 ## - Област на издателските данни
-- София
Име на издателя, разпространителя и проч. Техника
Година на издаване 1984
Печатница Ямбол : Г. Димитров
300 ## - Физическа характеристика
Страници 247 с.
Илюстрации и др. със сх., табл., диагр.
Размери/Мащаб 22 см
380 ## - Жанр
Жанр Техника
500 ## - Общи забележки
Забележка Библиогр. с. 243
504 ## - Забележка за наличие на библиография и др
Забележка за наличие на библиография и под. 243
650 #4 - Допълнително описание по предмет – тема
Основно описание – тема или топоним Автомобили - електрообзавеждане
9 (RLIN) 255031
650 #4 - Допълнително описание по предмет – тема
Основно описание – тема или топоним Трактори - учебници за ВУЗ
9 (RLIN) 281816
650 #4 - Допълнително описание по предмет – тема
Основно описание – тема или топоним Кари - електрообзавеждане
9 (RLIN) 289392
653 ## - Ключова дума – ненормативна
Ключова дума автомобили
653 ## - Ключова дума – ненормативна
Ключова дума трактори
653 ## - Ключова дума – ненормативна
Ключова дума кари
653 ## - Ключова дума – ненормативна
Ключова дума електрообзавеждане
852 ## - Местоположение
Форматна сигнатура Цб 127632
856 4# - Електронен адрес и достъп
Електронен формат pdf - файл
Път до файла /url/
856 4# - Електронен адрес и достъп
Електронен формат pdf - файл
Път до файла /url/
942 ## - АРТИКУЛИ
Вид на библиотечния материал Книги
Скрит в OPAC Не
Koha issues (borrowed), all copies 3
944 ## - СЪЗДАВАНЕ И РЕДАКЦИЯ на ЗАПИСА
Създаване/Редакция Създаване
Дата на регистрацията/редакция 13.06.2004
Служител, извършил регистрацията/редакцията Наталия_Медовщикова
944 ## - СЪЗДАВАНЕ И РЕДАКЦИЯ на ЗАПИСА
Създаване/Редакция Редакция
Дата на регистрацията/редакция 16.06.2016
Служител, извършил регистрацията/редакцията Нора_Радева
999 ## - СИСТЕМНИ КОНТРОЛНИ НОМЕРА
Koha biblionumber 59909
Koha biblioitemnumber 59909
Наличности
Код за отписване Код за изгубен артикул Източник на класификационната схема Код за повреда Коз за рестрикции Код за отдаване Артикулен № Име на библиотеката - собственик Име на библиотеката, в която се намира в момента Статус (Текущо местоположение) Дата на вписване в системата Местоположение - отдел Цена в лева Инвентарен номер Систематично азбучна сигнатура Баркод Номер на екземпляра Цена в евро Служебна бележка Служебен тип на артикула
  Не е изгубен Universal Decimal Classification Не е повреден без рестрикции ползва се в читалня 98102 Регионална библиотека "Любен Каравелов" Русе Регионална библиотека "Любен Каравелов" Русе Читалня 1993-01-01 Читалня 0.85 408580 Ч 629.113/И52Л 120000408580 1 0.43 Дост: Pk Вид: Ф N: стар фонд Дата: 01.01.1984 Дата инв: 24.03.2017 Бележки инв: Ч2017 Книги
  Не е изгубен Universal Decimal Classification Не е повреден без рестрикции ползва се в читалня 98103 Регионална библиотека "Любен Каравелов" Русе Регионална библиотека "Любен Каравелов" Русе Хранилище 1984-01-01 Хранилище 0.86 409243 Цб 127632 900000018500 2 0.44 Дост: Dp Вид: Д N: стар фонд Дата: 01.01.1984 Книги
Vip Innovations Ltd, Rousse, Bulgaria 2025